600 biggest US cities on a map - Statistics

General Stats
  • This quiz has been taken 1,457 times
    1,437 since last reset
  • The average score is 267 of 600
Answers on the Map
Answers color-coded by a green-red scale on the quiz's map according to % correct below.
 
Answer Stats
State City Population % Correct
NY New York City 8,258,035
96%
IL Chicago 2,664,452
94%
TX Dallas 1,302,868
94%
TX Houston 2,314,157
94%
MS Jackson 143,709
93%
TN Jackson 68,264
93%
NV Las Vegas 660,929
93%
CA Los Angeles 3,820,914
93%
FL Miami 455,924
93%
PA Philadelphia 1,550,542
93%
AZ Phoenix 1,650,070
93%
WA Seattle 755,078
93%
MI Detroit 633,218
92%
OR Portland 630,498
92%
ME Portland 69,104
92%
GA Atlanta 510,823
91%
TX Austin 979,882
91%
MA Boston 653,833
91%
CO Denver 716,577
91%
HI Honolulu 341,778
91%
IN Indianapolis 879,293
91%
FL Jacksonville 985,843
91%
NC Jacksonville 72,879
91%
OK Oklahoma City 702,767
91%
CA San Francisco 808,988
91%
Washington D.C. 678,972
91%
OH Columbus 913,175
90%
GA Columbus 201,877
90%
LA New Orleans 364,136
90%
TX San Antonio 1,495,295
90%
UT Sandy 91,943
90%
NM Albuquerque 560,274
89%
NY Buffalo 274,678
89%
MO Kansas City 510,704
89%
KS Kansas City 152,933
89%
TN Memphis 618,639
89%
TN Nashville 687,788
89%
CA San Diego 1,388,320
89%
OH Cleveland 362,656
88%
TX El Paso 678,958
88%
MN Minneapolis 425,115
88%
FL Orlando 320,742
88%
CA Pittsburg 75,803
88%
FL Tampa 403,364
88%
MD Baltimore 565,239
87%
NC Charlotte 911,311
87%
CA Sacramento 526,384
87%
UT Salt Lake City 209,593
87%
AK Anchorage 286,075
86%
OH Cincinnati 311,097
86%
WI Milwaukee 561,385
86%
ID Boise 235,421
85%
TX Fort Worth 978,468
85%
KY Louisville 622,981
84%
NC Raleigh 482,295
84%
CA San Jose 969,655
84%
AZ Tucson 547,239
84%
NY Albany 101,228
83%
GA Albany 66,877
83%
VA Richmond 229,247
83%
CA Richmond 114,106
83%
MO St. Louis 281,754
83%
CO Colorado Springs 488,664
82%
IA Des Moines 210,381
82%
NE Omaha 483,335
82%
MN St. Paul 303,820
82%
VA Virginia Beach 453,649
82%
LA Baton Rouge 219,573
81%
NE Lincoln 294,757
81%
NV Reno 274,915
81%
MI Springfield 170,188
81%
MA Springfield 153,672
81%
IL Springfield 112,544
81%
OK Tulsa 411,894
81%
AL Birmingham 196,644
80%
WI Madison 280,305
80%
RI Providence 190,792
80%
FL Tallahassee 202,221
80%
CA Oakland 436,504
79%
NC Winston-Salem 252,975
79%
CA Fresno 545,716
78%
AR Little Rock 203,842
78%
NJ Newark 304,960
78%
SC Charleston 155,369
77%
OR Salem 177,432
77%
KS Wichita 396,119
77%
PA Pittsburgh 303,255
76%
NY Rochester 207,274
76%
MN Rochester 122,413
76%
NM Santa Fe 89,167
76%
SC Columbia 142,416
75%
MO Columbia 129,330
75%
GA Savannah 147,748
75%
SD Sioux Falls 206,410
75%
OH Toledo 265,304
74%
TX Arlington 398,431
73%
ND Bismarck 75,092
73%
CT Hartford 119,669
73%
KY Lexington 320,154
73%
AL Montgomery 195,287
73%
WA Spokane 229,447
73%
NY Syracuse 145,560
73%
CA Anaheim 340,512
72%
TX Corpus Christi 316,595
72%
ND Fargo 133,188
72%
AL Mobile 182,595
72%
TX Amarillo 202,408
71%
CA Bakersfield 413,381
71%
WI Green Bay 105,744
71%
CA Long Beach 449,468
71%
MI Grand Rapids 196,608
70%
NJ Jersey City 291,657
70%
AZ Mesa 511,648
70%
OH Akron 188,701
69%
GA Augusta 200,884
69%
MT Billings 120,864
69%
OH Dayton 135,512
69%
FL St. Petersburg 263,553
69%
MI Lansing 112,115
68%
CT New Haven 135,319
68%
KS Topeka 125,475
68%
CO Aurora 395,052
67%
IL Aurora 177,563
67%
NC Durham 296,186
67%
NC Greensboro 302,296
67%
TN Knoxville 198,162
67%
NJ Trenton 89,620
67%
PA Erie 92,957
66%
IN Fort Wayne 269,994
66%
NV North Las Vegas 284,771
66%
CA Riverside 318,858
66%
OR Eugene 177,899
65%
VA Norfolk 230,930
65%
WA Tacoma 222,906
65%
MN Duluth 87,680
64%
FL Fort Lauderdale 184,255
64%
AL Huntsville 225,564
64%
TX Lubbock 266,878
64%
NH Manchester 115,474
64%
CO Boulder 105,898
63%
WY Cheyenne 65,168
63%
AZ Flagstaff 76,586
63%
UT Provo 113,343
63%
LA Shreveport 177,959
63%
MI Ann Arbor 119,381
62%
TN Chattanooga 187,030
62%
NV Henderson 337,305
62%
CA Santa Barbara 86,499
62%
NC Wilmington 122,698
62%
DE Wilmington 71,675
62%
MA Worcester 207,621
62%
TX Allen 111,620
61%
GA Athens 128,628
61%
NC Fayetteville 209,749
61%
AR Fayetteville 101,680
61%
LA Lafayette 121,467
61%
IN Lafayette 71,216
61%
PA Scranton 75,805
61%
CA Stockton 319,543
61%
TX Brownsville 190,158
60%
CA Irvine 314,621
60%
TX Laredo 257,602
60%
CA San Bernardino 223,728
60%
CA Santa Ana 310,539
60%
AZ Scottsdale 244,394
60%
TX Waco 144,816
60%
CA Carson 91,139
59%
TX Pasadena 146,716
59%
CA Pasadena 133,560
59%
IA Sioux City 85,727
59%
CA Concord 122,315
58%
NC Concord 110,119
58%
TX McAllen 146,593
58%
NY Yonkers 207,657
58%
PA Allentown 124,880
57%
NC Asheville 95,056
57%
CT Bridgeport 148,028
57%
IA Cedar Rapids 135,958
57%
GA Macon 156,512
57%
VA Newport News 183,118
57%
WA Vancouver 196,442
57%
VA Alexandria 155,230
56%
MA Cambridge 118,214
56%
MI Flint 79,661
56%
AZ Glendale 253,855
56%
CA Glendale 187,050
56%
NC Greenville 90,053
56%
SC Greenville 72,824
56%
TX Plano 290,190
55%
IA Iowa City 75,678
54%
NM Las Cruces 114,892
54%
MT Missoula 77,757
54%
AZ Peoria 198,750
54%
IL Peoria 110,460
54%
IN South Bend 103,395
54%
AL Tuscaloosa 111,338
54%
OR Bend 104,557
53%
CO Fort Collins 170,376
53%
IN Gary 67,652
53%
UT St. George 104,578
53%
FL Daytona Beach 82,485
52%
FL Gainesville 145,812
52%
TX Irving 254,373
52%
UT Ogden 87,267
52%
AZ Tempe 189,834
52%
AZ Chandler 280,167
51%
VA Chesapeake 253,886
51%
IN Evansville 115,332
51%
FL Fort Myers 97,372
51%
FL Port St. Lucie 245,021
51%
VA Roanoke 97,171
51%
CA Santa Clara 131,062
51%
CA Santa Monica 89,922
51%
AZ Yuma 100,858
51%
FL Cape Coral 224,455
50%
IA Davenport 100,354
50%
NJ Elizabeth 135,829
50%
FL Hollywood 153,859
50%
MN Bloomington 87,398
49%
IN Bloomington 78,840
49%
IL Bloomington 78,587
49%
CA Lancaster 166,236
49%
TX Midland 138,397
49%
TX Odessa 115,743
49%
CO Pueblo 111,077
49%
CA Santa Clarita 224,028
49%
CT Stamford 136,226
49%
TX Abilene 129,043
48%
CA Chula Vista 274,333
48%
FL Hialeah 221,300
48%
CA Modesto 218,915
48%
CA Orange 138,337
48%
SD Rapid City 79,404
48%
IL Rockford 146,120
48%
TX College Station 125,192
47%
AZ Gilbert 275,411
47%
ID Idaho Falls 68,001
47%
WI Kenosha 98,211
47%
MA Lowell 114,296
47%
IL Naperville 150,245
47%
KS Overland Park 197,089
47%
CA Huntington Beach 192,129
46%
IL Joliet 150,489
46%
OK Norman 130,046
46%
CA Berkeley 118,962
45%
TX Frisco 225,007
45%
TN Murfreesboro 165,430
45%
NH Nashua 91,003
45%
CA Oxnard 198,488
45%
FL West Palm Beach 124,130
45%
TX Beaumont 112,193
44%
WI Eau Claire 70,542
44%
MI Kalamazoo 73,126
44%
CA Santa Rosa 175,845
44%
WA Auburn 83,870
43%
AL Auburn 82,025
43%
IL Champaign 89,189
43%
TN Clarksville 180,716
43%
CA Fremont 226,208
43%
CA Redding 92,727
43%
TX Tyler 110,327
43%
WA Bellevue 151,574
42%
KY Bowling Green 76,212
42%
OK Broken Arrow 119,194
42%
NC Cary 180,010
42%
FL Clearwater 116,850
42%
IL Evanston 75,070
42%
AR Fort Smith 89,770
42%
CO Grand Junction 69,412
42%
WA Kent 133,378
42%
KS Lawrence 96,207
42%
MA Lawrence 88,172
42%
FL Miami Beach 79,607
42%
NJ Paterson 156,452
42%
PA Reading 94,903
42%
WI Appleton 74,719
41%
TX Garland 243,470
41%
VA Hampton 137,098
41%
TX Killeen 159,643
41%
FL Lakeland 122,264
41%
TX McKinney 213,509
41%
ID Nampa 114,268
41%
TX Wichita Falls 102,691
41%
WA Bellingham 94,720
40%
CA Burbank 102,755
40%
TX Denton 158,349
40%
MD Frederick 85,793
40%
MS Gulfport 72,823
40%
FL Melbourne 86,960
40%
CA Napa 77,492
40%
CA Oceanside 170,020
40%
CA Ontario 182,457
40%
CA Santa Maria 109,987
40%
WA Yakima 96,750
40%
NJ Camden 71,100
39%
CO Lakewood 155,961
39%
CA Lakewood 78,135
39%
SC North Charleston 121,469
39%
MA Quincy 101,597
39%
IA Ames 65,686
38%
OH Canton 69,197
38%
MI Dearborn 105,811
38%
WA Everett 111,180
38%
LA Lake Charles 79,633
38%
ID Meridian 134,801
38%
MA New Bedford 100,695
38%
VA Portsmouth 96,793
38%
CA Salinas 159,506
38%
UT West Jordan 114,908
38%
FL Boca Raton 99,974
37%
TN Franklin 88,558
37%
MN Independence 120,922
37%
VA Lynchburg 79,535
37%
OR Medford 85,098
37%
WI Oshkosh 66,184
37%
WI Racine 76,602
37%
WA Spokane Valley 108,235
37%
AZ Surprise 158,285
37%
CA Thousand Oaks 123,463
37%
UT West Valley City 134,470
37%
OR Beaverton 96,945
36%
CA Compton 90,986
36%
AR Jonesboro 80,650
36%
CA Norwalk 98,078
36%
CT Norwalk 92,458
36%
KS Olathe 147,461
36%
MN Plymouth 77,648
36%
CA Rancho Cucamonga 174,405
36%
MN St. Cloud 71,013
36%
FL St. Cloud 66,448
36%
MI Warren 136,655
36%
CT Waterbury 114,990
36%
IN Carmel 102,296
35%
TX Grand Prairie 202,134
35%
CA Palmdale 161,404
35%
TX Round Rock 130,406
35%
CA Ventura 109,058
35%
CA Chico 101,301
34%
CT Danbury 86,124
34%
CA Fontana 215,465
34%
FL Kissimmee 81,269
34%
MA Lynn 101,241
34%
TX Mesquite 147,317
34%
NY New Rochelle 83,742
34%
UT Orem 95,519
34%
CA Palo Alto 65,882
34%
CA Pomona 145,502
34%
GA Roswell 91,706
34%
CA San Mateo 101,327
34%
VA Suffolk 100,659
34%
MI Troy 87,339
34%
RI Warwick 82,999
34%
CA Carlsbad 113,495
33%
CA Elk Grove 178,444
33%
MA Fall River 93,840
33%
CO Greeley 112,609
33%
NC High Point 116,926
33%
CA Inglewood 102,865
33%
RI Pawtucket 75,321
33%
NM Rio Rancho 110,660
33%
TX San Angelo 99,262
33%
NY Schenectady 68,544
33%
NV Sparks 110,323
33%
TX Sugar Land 108,515
33%
CA Visalia 144,998
33%
PA Bethlehem 78,300
32%
IL Decatur 68,670
32%
IL Elgin 113,310
32%
CA Fullerton 139,250
32%
FL Miami Gardens 110,717
32%
CA Moreno Valley 212,392
32%
CA Torrance 139,224
32%
CA Victorville 138,869
32%
TX Carrollton 132,918
31%
CA Corona 160,238
31%
CA Daly City 99,833
31%
CA Davis 65,832
31%
AZ Goodyear 111,805
31%
TN Johnson City 73,337
31%
FL Ocala 68,426
31%
MI Sterling Heights 133,306
31%
CO Westminster 114,875
31%
CA Westminster 88,729
31%
CO Arvada 121,414
30%
MA Brockton 104,890
30%
CO Centennial 106,883
30%
CA Escondido 148,122
30%
OR Hillsboro 107,730
30%
SC Mount Pleasant 95,232
30%
FL Pembroke Pines 171,119
30%
CA Vallejo 122,807
30%
IL Waukegan 87,642
30%
FL Coral Springs 134,906
29%
AL Dothan 71,258
29%
CA Garden Grove 168,234
29%
CA Hayward 155,675
29%
AL Hoover 92,448
29%
OK Lawton 90,245
29%
TX Mission 87,292
29%
TX New Braunfels 110,958
29%
WA Renton 104,491
29%
GA Sandy Springs 105,793
29%
WI Waukesha 70,446
29%
CA Antioch 117,096
28%
TX Edinburg 105,799
28%
CA Fairfield 120,768
28%
WA Federal Way 97,701
28%
OR Gresham 110,685
28%
IN Hammond 76,193
28%
MO Lee's Summit 104,184
28%
CA Merced 93,692
28%
MA Newton 88,415
28%
FL Palm Bay 135,566
28%
TX Pearland 127,736
28%
MA Somerville 80,407
28%
MO St. Joseph 70,634
28%
CA Temecula 110,682
28%
CO Thornton 144,922
28%
TX Victoria 65,800
28%
AZ Buckeye 108,909
27%
CA Chino 93,114
27%
FL Deltona 98,739
27%
TX Georgetown 96,312
27%
CA Indio 93,057
27%
WA Kennewick 85,158
27%
TX Longview 83,236
27%
NY Mount Vernon 71,168
27%
AR North Little Rock 64,531
27%
CA Roseville 159,135
27%
CA San Marcos 94,188
27%
TX San Marcos 71,569
27%
CA Simi Valley 125,113
27%
AR Springdale 88,224
27%
CA Sunnyvale 151,967
27%
TX Temple 93,095
27%
IA Waterloo 66,606
27%
CA West Covina 105,617
27%
RI Cranston 82,635
26%
OK Edmond 98,103
26%
CA El Cajon 102,991
26%
IN Fishers 104,094
26%
NC Gastonia 83,942
26%
FL Miramar 138,319
26%
IN Muncie 65,081
26%
CA Murrieta 111,878
26%
OH Parma 78,951
26%
FL Pompano Beach 113,619
26%
MO St. Charles 71,800
26%
IA West Des Moines 72,205
26%
TX League City 116,320
25%
UT Lehi 90,227
25%
TX Lewisville 133,553
25%
CO Longmont 98,630
25%
CA Newport Beach 82,637
25%
MO O'Fallon 94,074
25%
CA Redwood 80,996
25%
TX Richardson 117,435
25%
SC Rock Hill 75,654
25%
CA Alameda 75,353
24%
AZ Avondale 93,545
24%
TX Bryan 89,615
24%
IL Cicero 81,004
24%
CA Clovis 125,826
24%
TX Conroe 108,248
24%
FL Davie 107,799
24%
MD Gaithersburg 69,563
24%
WA Kirkland 91,194
24%
MI Livonia 92,185
24%
CA Mission Viejo 90,624
24%
WA Redmond 80,280
24%
UT South Jordan 84,528
24%
CA Vacaville 102,526
24%
GA Warner Robins 84,537
24%
CA Apple Valley 75,036
23%
CA Downey 108,816
23%
CA El Monte 103,794
23%
FL Homestead 81,659
23%
WI Janesville 66,102
23%
CO Loveland 79,352
23%
CA Mountain View 81,785
23%
MD Rockville 67,297
23%
IL Schaumburg 75,750
23%
GA South Fulton 110,920
23%
FL Sunrise 96,808
23%
CA Union City 65,414
23%
MN Brooklyn Park 82,017
22%
AR Conway 69,580
22%
CA Costa Mesa 108,354
22%
CA Hesperia 100,633
22%
CA Jurupa Valley 107,321
22%
AZ Maricopa 71,022
22%
CT New Britain 74,080
22%
FL North Port 88,934
22%
FL Palm Coast 102,113
22%
CA Tracy 98,010
22%
CA Vista 98,344
22%
GA Alpharetta 67,056
21%
IL Arlington Heights 74,495
21%
NJ Clifton 88,461
21%
CA Hemet 92,368
21%
GA John's Creek 81,108
21%
UT Layton 83,516
21%
OH Lorain 65,337
21%
CA Menifee 113,433
21%
TX Missouri City 76,773
21%
WA Pasco 80,038
21%
CA Rialto 103,391
21%
AR Rogers 74,035
21%
CA San Leandro 85,784
21%
MMI Wyoming 77,451
21%
CA Yorba Linda 66,147
21%
CO Broomfield 76,860
20%
CO Castle Rock 81,415
20%
CA Chino Hills 77,212
20%
MA Framingham 71,875
20%
CA Livermore 82,908
20%
CA Yuba City 68,666
20%
NJ Bayonne 70,300
19%
TX Baytown 84,067
19%
FL Boynton Beach 81,267
19%
ID Caldwell 68,336
19%
FL Deerfield Beach 87,325
19%
CA Dublin 69,128
19%
MI Farmington Hills 82,528
19%
CA Folsom 84,782
19%
CA Hawthorne 83,364
19%
TX Mansfield 78,542
19%
CA Manteca 91,059
19%
FL Plantation 96,548
19%
CA Whittier 84,143
19%
IA Ankeny 74,458
18%
MN Lakeville 76,243
18%
FL Largo 82,248
18%
NJ Passaic 68,903
18%
CA Pleasanton 74,653
18%
CA San Ramon 84,929
18%
CA Alhambra 79,776
17%
NC Apex 72,225
17%
NJ East Orange 69,556
17%
TX Flower Mound 79,445
17%
WA Marysville 72,916
17%
CA Milpitas 77,321
17%
TX Pharr 80,410
17%
CA Redlands 72,556
17%
MI Rochester Hills 76,002
17%
CA South Gate 90,070
17%
CA Tustin 77,704
17%
CA Upland 78,699
17%
MI Westland 82,574
17%
MN Woodbury 79,538
17%
MN Blaine 73,774
16%
CA Buena Park 81,958
16%
FL Delray Beach 67,536
16%
FL Doral 79,359
16%
TX Harlingen 71,510
16%
CA Lake Forest 85,840
16%
CA Lodi 67,679
16%
CA Madera 68,079
16%
IN Noblesville 73,916
16%
CA Perris 80,603
16%
FL Sanford 65,394
16%
IL Skokie 64,937
16%
MI Southfield 75,687
16%
CA Bellflower 75,122
15%
TX Cedar Park 77,516
15%
CA Citrus Heights 86,239
15%
IN Greenwood 66,296
15%
MA Haverhill 67,415
15%
NC Huntersville 64,688
15%
TX Pflugerville 65,301
15%
AZ Queen Creek 76,570
15%
CA Rancho Cordova 82,605
15%
KS Shawnee 69,417
15%
CA Tulare 71,092
15%
CA Turlock 72,100
15%
CA Walnut Creek 69,152
15%
MA Waltham 64,477
15%
IL Bolingbrook 74,088
14%
CA Brentwood 65,126
14%
CO Commerce City 68,245
14%
MN Eagan 67,396
14%
MN Maple Grove 71,288
14%
MI Novi 66,314
14%
CA Redondo Beach 67,749
14%
CA Rocklin 73,472
14%
FL Weston 68,181
14%
MA Malden 65,133
13%
WA Sammamish 65,116
13%
MN Burnsville 64,772
12%
CA Camarillo 69,514
12%
CA Lake Elsinore 73,028
12%
IL Palatine 64,869
12%
FL Port Orange 65,966
12%
CA Eastvale 70,510
11%
TX Leander 80,067
11%
TX North Richland Hills 70,658
11%
TX Rowlett 66,813
11%
CA Baldwin Park 68,806
10%
FL Lauderhill 73,974
10%
FL Tamarac 72,372
9%
No matching quizzes found
Score Distribution
Percent of People with Each Score
Percentile by Number Answered
Your Score History
You have not taken this quiz since the last reset